000 00740cam a2200229 a 4500
001 2525979
005 20180129083843.0
008 931221s1994 cau b 001 0 eng
010 _a 93049681
020 _a156593265X
040 _aDLC
_cDLC
_dDLC
041 _aeng
080 _a616.855
082 0 0 _a616.855 SCR
_220
100 1 _a7
101 _aNEU
245 1 0 _aMulticultural perspectives in communication disorders /
_cRobert Martin Screen, Noma Bennett Anderson.
504 _aIncludes bibliographical references (p. 117-122) and index.
906 _a7
_bcbc
_corignew
_d1
_eocip
_f19
_gy-gencatlg
942 _2ddc
_cBK
999 _c41187
_d41187